Φωνές αγωνίας κι ελπίδας
Αποθηκεύτηκε σε:
| Κύριος συγγραφέας: | |
|---|---|
| Μορφή: | Βιβλίο |
| Γλώσσα: | Greek |
| Δημοσίευση: |
Λευκωσία :
[χ.ό,],
1984
|
| Θέματα: | |
| Ετικέτες: |
Προσθήκη ετικέτας
Δεν υπάρχουν, Καταχωρήστε ετικέτα πρώτοι!
|
MARC
| LEADER | 00000nam a2200000 i 4500 | ||
|---|---|---|---|
| 001 | 1/77444 | ||
| 008 | 970213s1984 gre d | ||
| 035 | |a 1993 |b 1 |c Δωρεά |l 10032662 | ||
| 040 | |a GR-MY-UA |b gre |e aacr | ||
| 041 | 0 | |a gre | |
| 082 | 0 | |a 889.15 | |
| 100 | 1 | |a Μαραθεύτης, Μιχαλάκης Ι. |d 1926- | |
| 245 | 1 | 0 | |a Φωνές αγωνίας κι ελπίδας / |c Μιχαλάκη Ι. Μαραθεύτη |
| 260 | |a Λευκωσία : |b [χ.ό,], |c 1984 | ||
| 300 | |a 54 σ. | ||
| 650 | 0 | 0 | |a Cyprian poetry. |
| 852 | |a INST |b RHODES |e 19970213 |h 889.14 ΜΑΡ |p 005400000479 |q 005400000479 |t BK |y 0 | ||
| 909 | |a Ρ |b 024565 |c 1993 | ||
| 970 | |z 2000/06/ΟΙΚΟΝΟΜΟΠΟΥΛΟΥ (SUBJECT) | ||